000
00316nam a2200133Ia 4500
008
240624s9999 xx 000 0 und d
041
_a
eng
082
_a
175 WEE
100
_a
WEEDEN CLARE
245
_a
RESPONSIBLE TOURIST BEHAVIOUR
260
_c
2013
_a
London
_b
Routledge
300
_a
162 : p.
365
_c
GBP
_b
28
999
_c
22706
_d
22706